[Event "EU-ch (Women) 25th"]
[Site "Rhodes"]
[Date "2025.04.11"]
[Round "11"]
[White "Berke, Ana"]
[Black "Lehaci, Miruna Daria"]
[Result "1/2-1/2"]
[WhiteElo "2130"]
[BlackElo "2212"]
[PlyCount "100"]
[EventDate "2025.03.31"]
[EventType "swiss"]
[EventRounds "11"]
[EventCountry "GRE"]
[SourceTitle "CB16_2025"]
[SourceDate "2025.04.16"]
[SourceVersion "1"]
[SourceVersionDate "2025.04.16"]
[SourceQuality "1"]

1. e4 c5 2. Nf3 d6 3. d4 cxd4 4. Nxd4 Nf6 5. f3 e5 6. Nb3 Be7 7. c4 a5 8. Be3 a4 9. N3d2 Qa5 10. Be2 0-0 11. 0-0 Nc6 12. Na3 Bd8 13. Kh1 Bb6 14. Bg5 Nh5 15. Nb5 f6 16. Bh4 Nf4 17. Nb1 Bc5 18. N1c3 Be6 19. Rb1 Nd4 20. Nxd4 Bxd4 21. Nd5 Bxd5 22. cxd5 Rfc8 23. Be1 Qb6 24. g3 Nxe2 25. Qxe2 Rc5 26. Bf2 Bxf2 27. Rxf2 Rac8 28. Rd1 Qc7 29. Kg2 Rc2 30. Rd2 Rc1 31. Rd1 Rc4 32. Rd2 b5 33. a3 Qd7 34. Qd3 Rd4 35. Qe3 Rcc4 36. Rxd4 exd4 37. Qd3 Qc7 38. Rd2 Kf7 39. Kf2 Qc8 40. Kg2 b4 41. axb4 Rxb4 42. f4 Qb7 43. Qe2 g6 44. Kh3 Kg7 45. Qg4 Qe7 46. Qe6 Qxe6+ 47. dxe6 f5 48. exf5 gxf5 49. g4 fxg4+ 50. Kxg4 Kf6 1/2-1/2

[Event "EU-ch (Women) 25th"]
[Site "Rhodes"]
[Date "2025.04.09"]
[Round "9"]
[White "Krkyasharyan, Sona"]
[Black "Lehaci, Miruna Daria"]
[Result "0-1"]
[WhiteElo "1989"]
[BlackElo "2212"]
[PlyCount "98"]
[EventDate "2025.03.31"]
[EventType "swiss"]
[EventRounds "11"]
[EventCountry "GRE"]
[SourceTitle "CB16_2025"]
[SourceDate "2025.04.16"]
[SourceVersion "1"]
[SourceVersionDate "2025.04.16"]
[SourceQuality "1"]

1. d4 e6 2. c4 Nf6 3. Nc3 Bb4 4. Nf3 c5 5. g3 Nc6 6. Bg2 Ne4 7. Bd2 Nxd2 8. Qxd2 cxd4 9. Nxd4 0-0 10. 0-0 Ne5 11. b3 a6 12. Nc2 Be7 13. Rfd1 Qc7 14. Rac1 d6 15. Nd4 Rb8 16. e4 Re8 17. f4 Nd7 18. Kh1 Bf8 19. Rf1 b6 20. Rce1 Bb7 21. f5 Ne5 22. Qg5 b5 23. fxe6 fxe6 24. Nce2 bxc4 25. Nf4 Nf7 26. Qh5 e5 27. Nfe6 Qe7 28. Nxf8 Qxf8 29. Nf5 g6 30. Qg4 Bc8 31. bxc4 Kh8 32. Qh4 gxf5 33. exf5 Bb7 34. Bxb7 Rxb7 35. f6 Qh6 36. Qe4 Rb2 37. Re2 Rxe2 38. Qxe2 Qg6 39. Qe3 Re6 40. Qa7 Rxf6 41. Rxf6 Qxf6 42. Kg2 Kg7 43. Qxa6 e4 44. Qb7 Qf3+ 45. Kg1 Qd1+ 46. Kf2 Qd2+ 47. Kf1 e3 48. Qf3 Ne5 49. Qb7+ Kf6 0-1

[Event "ROM-ch (Women)"]
[Site "Craiova"]
[Date "2025.02.23"]
[Round "9"]
[White "Lehaci, Miruna Daria"]
[Black "Obada, Ema"]
[Result "1/2-1/2"]
[WhiteElo "2237"]
[BlackElo "2060"]
[PlyCount "70"]
[EventDate "2025.02.15"]
[EventType "swiss"]
[EventRounds "9"]
[EventCountry "ROU"]
[SourceTitle "CB09_2025"]
[SourceDate "2025.02.27"]
[SourceVersion "1"]
[SourceVersionDate "2025.02.27"]
[SourceQuality "1"]

1. e4 e6 2. d4 d5 3. Nc3 Bb4 4. e5 c5 5. Bd2 Ne7 6. a3 Bxc3 7. Bxc3 b6 8. h4 Ba6 9. Bxa6 Nxa6 10. Qe2 Nb8 11. f4 h5 12. Qf2 Nd7 13. 0-0-0 Qc7 14. Nf3 Nf5 15. Rdg1 0-0-0 16. Kb1 Kb7 17. g4 hxg4 18. Rxg4 Nb8 19. Rgg1 Qe7 20. Qe2 Nc6 21. dxc5 Qxc5 22. h5 Rh6 23. Be1 Rdh8 24. Ng5 Qe7 25. Bb4 Qd7 26. c4 Ncd4 27. Qd3 Rxh5 28. Rxh5 Rxh5 29. cxd5 Qxd5 30. Nxf7 Rh1 31. Rxh1 Qxh1+ 32. Ka2 Qd5+ 33. Kb1 Qh1+ 34. Ka2 Qd5+ 35. Kb1 Qh1+ 1/2-1/2

[Event "ROM-ch (Women)"]
[Site "Craiova"]
[Date "2025.02.22"]
[Round "8"]
[White "Batagan, Ilinca Petra"]
[Black "Lehaci, Miruna Daria"]
[Result "0-1"]
[WhiteElo "1937"]
[BlackElo "2237"]
[PlyCount "140"]
[EventDate "2025.02.15"]
[EventType "swiss"]
[EventRounds "9"]
[EventCountry "ROU"]
[SourceTitle "CB09_2025"]
[SourceDate "2025.02.27"]
[SourceVersion "1"]
[SourceVersionDate "2025.02.27"]
[SourceQuality "1"]

1. e4 e5 2. Nf3 Nc6 3. Bb5 a6 4. Ba4 Nge7 5. 0-0 Ng6 6. d4 exd4 7. Nxd4 Nxd4 8. Qxd4 b5 9. Bb3 Bb7 10. Rd1 Qe7 11. c4 Qd6 12. Qxd6 Bxd6 13. Nc3 Bc6 14. Nd5 bxc4 15. Bxc4 0-0 16. Be3 Ne5 17. Be2 Bb5 18. Nc3 Bxe2 19. Nxe2 Ng4 20. Bf4 Bc5 21. Bg3 d6 22. h3 Nf6 23. Nc3 Rfe8 24. Re1 Bd4 25. Rac1 Rac8 26. Kh2 h6 27. f3 Nh5 28. Rc2 Nxg3 29. Kxg3 c5 30. Rd1 Rcd8 31. Nd5 Rd7 32. Rd3 Rb7 33. Nc3 g6 34. b3 f5 35. Re2 fxe4 36. Rxe4 Rxe4 37. Nxe4 Rb6 38. Nc3 Kf7 39. Ne2 Bg7 40. Nc3 Rc6 41. Ne4 Ke6 42. Kf2 d5 43. Nc3 c4 44. bxc4 dxc4 45. Re3+ Kd6 46. Ne4+ Kd5 47. Re2 c3 48. Rc2 Kc4 49. Ke2 Rb6 50. h4 Bd4 51. g4 Rb2 52. Nd2+ Kd5 53. Rxb2 cxb2 54. Kd3 a5 55. a4 Kc5 56. f4 Bg7 57. f5 gxf5 58. gxf5 Kb4 59. Kc2 Ka3 60. Kb1 Kxa4 61. Nc4 Kb4 62. Nxb2 Bxb2 63. Kxb2 Kc5 64. Kb3 Kd5 65. Ka4 Ke5 66. f6 Kxf6 67. Kxa5 Kg6 68. Kb4 Kh5 69. Kc4 Kxh4 70. Kd4 Kg3 0-1

[Event "ROM-ch (Women)"]
[Site "Craiova"]
[Date "2025.02.21"]
[Round "7"]
[White "Lehaci, Miruna Daria"]
[Black "Ciolacu, Alessia Mihaela"]
[Result "0-1"]
[WhiteElo "2237"]
[BlackElo "2120"]
[PlyCount "64"]
[EventDate "2025.02.15"]
[EventType "swiss"]
[EventRounds "9"]
[EventCountry "ROU"]
[SourceTitle "CB09_2025"]
[SourceDate "2025.02.27"]
[SourceVersion "1"]
[SourceVersionDate "2025.02.27"]
[SourceQuality "1"]

1. e4 c5 2. Nf3 e6 3. d4 cxd4 4. Nxd4 a6 5. c4 Nf6 6. Nc3 Qc7 7. Be2 Nc6 8. Nc2 Bd6 9. g3 Be5 10. Qd3 0-0 11. f4 Bxc3+ 12. bxc3 d6 13. g4 Nd7 14. Ba3 Nc5 15. Qe3 b6 16. g5 Bb7 17. Bxc5 bxc5 18. Rg1 Ne7 19. Bd3 d5 20. exd5 exd5 21. 0-0-0 dxc4 22. Bxc4 Rab8 23. Rge1 Nc6 24. Bd5 Nd4 25. Bxb7 Nxc2 26. Kxc2 Qxb7 27. Rb1 Qc6 28. Qe4 Rxb1 29. Kxb1 Rb8+ 30. Ka1 Qd7 31. f5 h6 32. gxh6 Qd2 0-1

[Event "ROM-ch (Women)"]
[Site "Craiova"]
[Date "2025.02.18"]
[Round "4"]
[White "Draghici, Ligia Elena"]
[Black "Lehaci, Miruna Daria"]
[Result "0-1"]
[WhiteElo "1594"]
[BlackElo "2237"]
[PlyCount "90"]
[EventDate "2025.02.15"]
[EventType "swiss"]
[EventRounds "9"]
[EventCountry "ROU"]
[SourceTitle "CB09_2025"]
[SourceDate "2025.02.27"]
[SourceVersion "1"]
[SourceVersionDate "2025.02.27"]
[SourceQuality "1"]

1. e4 c5 2. Nf3 Nc6 3. Bb5 g6 4. 0-0 Bg7 5. c3 e5 6. d3 Nge7 7. Be3 d6 8. d4 exd4 9. cxd4 0-0 10. Nc3 cxd4 11. Nxd4 Ne5 12. h3 Bd7 13. Rc1 a6 14. Bxd7 Nxd7 15. f4 Nc8 16. Qf3 Ncb6 17. b3 Rc8 18. Rfd1 Qe7 19. Nde2 Nc5 20. Bd4 Rfe8 21. Bxg7 Kxg7 22. Ng3 h5 23. Re1 h4 24. Nf1 Qf6 25. Kh1 Rc6 26. Nd5 Nxd5 27. exd5 Rcc8 28. Nd2 Qd4 29. Nc4 Ne4 30. Kh2 f5 31. Rcd1 Qf6 32. Rc1 Rc5 33. Nb6 Qd4 34. Red1 Qb2 35. Nc4 Qf6 36. Ne3 Rec8 37. Rxc5 Rxc5 38. Nc4 b5 39. Ne3 Qb2 40. Qf1 Qxa2 41. Qd3 Qb2 42. Ng4 Qc3 43. Ne3 Nf2 44. Qd4+ Qxd4 45. Rxd4 Rc3 0-1

[Event "ROM-chT (Women)"]
[Site "Mamaia"]
[Date "2024.10.06"]
[Round "7.4"]
[White "Aldea, Maria Antonia"]
[Black "Lehaci, Miruna Daria"]
[Result "0-1"]
[WhiteElo "1826"]
[BlackElo "2180"]
[PlyCount "72"]
[EventDate "2024.09.30"]
[EventType "team-tourn"]
[EventRounds "7"]
[EventCountry "ROU"]
[SourceTitle "EXT 2025"]
[Source "ChessBase"]
[SourceDate "2024.10.14"]
[SourceVersion "1"]
[SourceVersionDate "2024.10.14"]
[SourceQuality "1"]
[WhiteTeam "Arnia ChessIT (W)"]
[BlackTeam "Iasi 2020 (W)"]
[WhiteTeamCountry "ROU"]
[BlackTeamCountry "ROU"]

1. d4 Nf6 2. Nf3 c5 3. d5 d6 4. Nc3 g6 5. e4 Bg7 6. Bc4 Nbd7 7. h3 0-0 8. 0-0 Ne8 9. Be3 b6 10. Qe2 a6 11. a4 Qc7 12. Rab1 Ne5 13. Nd2 Nxc4 14. Qxc4 Rb8 15. f4 b5 16. axb5 axb5 17. Qe2 Ba6 18. Qf2 b4 19. Ne2 Ra8 20. b3 Qb7 21. Rfe1 Nc7 22. f5 Bxe2 23. Rxe2 Nb5 24. Rc1 Ra2 25. Kh1 Qa8 26. Ree1 Na3 27. Nf1 Bc3 28. Re2 Nb5 29. Qh4 Re8 30. Rf2 Ra1 31. Rxa1 Qxa1 32. Bg5 Be1 33. f6 Bxf2 34. Qxf2 h6 35. Bxh6 Qxf6 36. Qe1 g5 0-1

[Event "Olympiad Women-45"]
[Site "Budapest"]
[Date "2024.09.22"]
[Round "11.3"]
[White "Gaponenko, Inna"]
[Black "Lehaci, Miruna Daria"]
[Result "1-0"]
[WhiteElo "2324"]
[BlackElo "2180"]
[PlyCount "79"]
[EventDate "2024.09.11"]
[EventType "team-swiss"]
[EventRounds "11"]
[EventCountry "HUN"]
[SourceTitle "EXT 2025"]
[Source "ChessBase"]
[SourceDate "2024.10.14"]
[SourceVersion "1"]
[SourceVersionDate "2024.10.14"]
[SourceQuality "1"]
[WhiteTeam "Ukraine (W)"]
[BlackTeam "Romania (W)"]
[WhiteTeamCountry "UKR"]
[BlackTeamCountry "ROU"]

1. e4 c5 2. c3 d5 3. exd5 Qxd5 4. d4 Nc6 5. Nf3 Bf5 6. Be3 cxd4 7. Nxd4 Nf6 8. Qb3 Nxd4 9. Bxd4 a6 10. Nd2 e6 11. 0-0-0 Qxb3 12. Nxb3 Bd6 13. g3 Be4 14. Rg1 Ke7 15. Bg2 Bxg2 16. Rxg2 h5 17. f3 h4 18. Na5 hxg3 19. hxg3 Nh5 20. Bf2 Rab8 21. Kc2 Rhc8 22. f4 b6 23. Nb3 Nf6 24. Bd4 Nd5 25. Re2 g6 26. Nd2 Nb4+ 27. Kb1 Nc6 28. Bf2 Bc5 29. Bxc5+ bxc5 30. Ne4 Na5 31. Red2 Nc4 32. Rd7+ Ke8 33. Nf6+ Kf8 34. Rh1 g5 35. Rh7 Nd6 36. Rxd6 Ke7 37. Ne4 gxf4 38. gxf4 Rg8 39. Rd2 Rg4 40. Nxc5 1-0

[Event "Timisoara Foisor Memorial Rapid"]
[Site "Timisoara"]
[Date "2024.08.03"]
[Round "2"]
[White "Lehaci, Miruna Daria"]
[Black "Salinas Herrera, Pablo Patricio"]
[Result "0-1"]
[WhiteElo "2190"]
[BlackElo "2487"]
[PlyCount "94"]
[EventDate "2024.08.03"]
[EventType "swiss (rapid)"]
[EventRounds "9"]
[EventCountry "ROU"]
[SourceTitle "CBM 221 Extra"]
[Source "ChessBase"]
[SourceDate "2024.09.30"]
[SourceVersion "1"]
[SourceVersionDate "2024.09.30"]
[SourceQuality "1"]

1. e4 c5 2. Nf3 e6 3. b3 Nc6 4. Bb2 d6 5. d4 cxd4 6. Nxd4 Bd7 7. Nb5 Qb8 8. c4 a6 9. N5c3 Nf6 10. Nd2 Be7 11. Bd3 b5 12. 0-0 Ne5 13. Be2 h5 14. Qc2 Qb6 15. a4 b4 16. a5 Qc7 17. Na4 Bc6 18. c5 dxc5 19. Nxc5 Neg4 20. g3 Bb5 21. Bxb5+ axb5 22. Rfc1 Rc8 23. Qd3 Bxc5 24. Qxb5+ Nd7 25. Bxg7 Rg8 26. Bd4 Rg5 27. e5 Rxe5 28. Bxe5 Qxe5 29. Kg2 Qd5+ 30. Nf3 Nge5 31. Qe2 h4 32. h3 Ke7 33. a6 Qa8 34. Ra5 f6 35. a7 Rc7 36. Rb5 hxg3 37. fxg3 Qxa7 38. Nh4 Bd6 39. Rxc7 Qxc7 40. Qe4 f5 41. Qb7 Qc2+ 42. Kh1 Qd1+ 43. Kh2 Qe2+ 44. Kh1 Qe1+ 45. Kh2 Ng4+ 46. Kg2 Qf2+ 47. Kh1 Qh2# 0-1